| 000 | 00752nam a2200205 a 4500 | ||
|---|---|---|---|
| 001 | 22470 | ||
| 003 | CO-ViMGA | ||
| 008 | 141112s2004 ck r 000 u spa d | ||
| 040 |
_aCO-ViMGA _bspa _cCO-ViMGA |
||
| 082 | 0 | 4 | _a005.754 G45c |
| 100 | 1 |
_aGil Triana, Hector; Medina Cruz, Javier _931863 |
|
| 245 | 1 | 0 | _aConfiguracíon de servicios de interneten linux red hat 9.0 |
| 260 |
_aBogotá : _bUniversidad Cooperativa de Colombia, _c2007 |
||
| 300 | _a153 | ||
| 490 | _aLibros de texto | ||
| 590 | _aForma de adquisición : Donación - - Precio : 13000 - - Fecha de adquisición : 2008 | ||
| 650 | 1 | 4 |
_aLINUX 9(SISTEMA OPERACIONAL PARA COMPUTADOR) _931864 |
| 650 | 1 | 4 |
_aLINUX RED HAT 9 (SISTEMA OPERACIONAL PARA COMPUTADORES) _931865 |
| 942 |
_2ddc _cBK |
||
| 999 |
_c30776 _d30776 |
||